[Event "Dortmund ABC Serie Anfaenger-23"]
[Site "Dortmund"]
[Date "2005.06.11"]
[Round "13"]
[White "Plambeck, Joachim"]
[Black "Wilke, Thomas"]
[Result "0-1"]
[WhiteElo "1281"]
[BlackElo "846"]
[PlyCount "60"]
[EventDate "2005.04.13"]
[EventType "tourn"]
[EventRounds "13"]
[EventCountry "GER"]
[SourceTitle "EXT 2007"]
[Source "ChessBase"]
[SourceDate "2006.11.23"]
[SourceVersion "1"]
[SourceVersionDate "2006.11.23"]
[SourceQuality "1"]

1. e4 d6 2. d4 Nf6 3. Bd3 e5 4. d5 c6 5. c4 Nbd7 6. Bg5 Nc5 7. Nd2 Nxd3+ 8. Kf1 Qb6 9. Be3 Qxb2 10. Ne2 Ng4 11. h3 Nxe3+ 12. fxe3 Qb6 13. Ng3 Qxe3 14. Qe2 Qxg3 15. Nf3 Nf4 16. Qd2 Be7 17. Rb1 cxd5 18. cxd5 0-0 19. Rb2 b6 20. Rb3 Ba6+ 21. Kg1 Ne2+ 22. Kf1 Nd4+ 23. Rd3 Nxf3 24. gxf3 Qxf3+ 25. Kg1 Bxd3 26. Qc1 Bxe4 27. Rh2 Rfc8 28. Qe1 Rc7 29. Re2 Qh1+ 30. Kf2 Bh4+ 0-1

[Event "Dortmund ABC Serie Anfaenger-22"]
[Site "Dortmund"]
[Date "2004.11.03"]
[Round "7"]
[White "Plambeck, Joachim"]
[Black "Rimm, Marco"]
[Result "1/2-1/2"]
[WhiteElo "1226"]
[BlackElo "1287"]
[PlyCount "114"]
[EventDate "2004.10.06"]
[EventType "tourn"]
[EventRounds "11"]
[EventCountry "GER"]
[SourceTitle "EXT 2006"]
[Source "ChessBase"]
[SourceDate "2005.11.24"]
[SourceVersion "1"]
[SourceVersionDate "2005.11.24"]
[SourceQuality "1"]

1. e4 e5 2. Nf3 d6 3. h3 Nf6 4. Bd3 b6 5. 0-0 Bb7 6. Re1 Be7 7. c3 0-0 8. Bc2 h6 9. d4 exd4 10. cxd4 d5 11. Nc3 Bb4 12. e5 Ne4 13. Bd2 Nxc3 14. bxc3 Ba5 15. Bf4 Bxc3 16. Re3 Bxa1 17. Qd3 Re8 18. Qh7+ Kf8 19. Qh8+ Ke7 20. Qxg7 Kd7 21. Ba4+ Bc6 22. Qxf7+ Re7 23. Qxd5+ Kc8 24. Bxc6 Nxc6 25. Qxc6 Rb8 26. Qa4 Rb7 27. Rd3 Rd7 28. Be3 c5 29. Qc4 Kb8 30. d5 Rbc7 31. e6 Rg7 32. Bxh6 Qh8 33. Bxg7 Rxg7 34. h4 Bf6 35. Qf4+ Kb7 36. Qxf6 Rxg2+ 37. Kxg2 Qxf6 38. Ng5 Qf5 39. Re3 Qxd5+ 40. Re4 Qd8 41. e7 Qe8 42. Kh3 Kc7 43. h5 Qxh5+ 44. Kg3 Qxg5+ 45. Kf3 Qh5+ 46. Kf4 Qe8 47. Ke3 Kc6 48. f4 Kb5 49. f5 Kc6 50. f6 Kd7 51. Rf4 Qf7 52. Ke2 c4 53. Rd4+ Kc6 54. Rd8 Qe6+ 55. Kd2 c3+ 56. Kc2 Qf5+ 57. Kc1 Qf4+ 1/2-1/2

[Event "Ruhrgebiet VL2 0001"]
[Site "Ruhrgebiet"]
[Date "2000.10.15"]
[Round "2"]
[White "Plambeck, Joachim"]
[Black "Dergatschova, Anna"]
[Result "0-1"]
[WhiteElo "1258"]
[BlackElo "2218"]
[PlyCount "86"]
[EventDate "2000.09.17"]
[EventType "team-tourn"]
[EventRounds "9"]
[EventCountry "GER"]
[SourceTitle "EXT 2023"]
[Source "ChessBase"]
[SourceDate "2022.10.05"]
[SourceVersion "1"]
[SourceVersionDate "2022.10.05"]
[SourceQuality "1"]
[WhiteTeam "Berghofen Wambel"]
[BlackTeam "Holsterhausen"]
[WhiteTeamCountry "GER"]
[BlackTeamCountry "GER"]

1. e4 c5 2. Nf3 Nc6 3. d4 cxd4 4. Nxd4 g6 5. Nc3 Bg7 6. Nb3 Nf6 7. Bd3 0-0 8. 0-0 d6 9. h3 Ne5 10. Be2 a6 11. a4 Bd7 12. Kh1 Rc8 13. f4 Nc4 14. Bxc4 Rxc4 15. Qe2 Rc8 16. Bd2 Bc6 17. Rac1 b5 18. axb5 axb5 19. Nd4 Nxe4 20. Nxe4 Bxd4 21. c3 Bg7 22. Ng3 e6 23. Kh2 Bd5 24. Rf2 Bc4 25. Qd1 Qb6 26. Be1 Bd5 27. Qc2 f5 28. Rd2 b4 29. Qd1 bxc3 30. Rxd5 exd5 31. Qxd5+ Kh8 32. Bxc3 Bxc3 33. Rxc3 Rxc3 34. bxc3 Qc5 35. Qd4+ Kg8 36. Ne2 Re8 37. Ng3 Qxd4 38. cxd4 Re1 39. h4 Rd1 40. h5 Rxd4 41. hxg6 hxg6 42. Ne2 Re4 43. Nc3 Rxf4 0-1